Statistics for Países que comienzan con G

Click here to take the quiz!

General Stats

  • This quiz has been taken 4,939 times
  • The average score is 8 of 11

Answer Stats

País % Correct
Guinea
86%
Guatemala
80%
Gabón
78%
Guinea Ecuatorial
78%
Gambia
78%
Guyana
75%
Guinea-Bissau
75%
Grecia
71%
Ghana
69%
Granada
67%
Georgia
59%

Score Distribution

Percentile by Number Answered

Percent of People with Each Score

Your Score History

You have not taken this quiz